[Event "K41 Aabent Mesterskab 2009-10"]
[Site "Valby"]
[Date "2009.11.17"]
[Round "2"]
[White "Ottosen, Peder"]
[Black "Weber, John"]
[Result "1/2-1/2"]
[WhiteElo "2033"]
[BlackElo "1776"]
[PlyCount "46"]
[EventDate "2009.??.??"]

1. e4 e6 2. d4 d5 3. exd5 exd5 4. Bd3 Bd6 5. Nc3 Be6 6. Nb5 Nc6 7. Nxd6+ Qxd6
8. c3 Nf6 9. Ne2 h6 10. O-O O-O-O 11. b4 g5 12. a4 Ng4 13. f4 f5 14. h3 Nf6 15.
fxg5 hxg5 16. Bxg5 Rdf8 17. Bxf5 Bxf5 18. Rxf5 Ne4 19. Bf4 Qg6 20. Rxf8+ Rxf8
21. Bh2 Nf2 22. Qe1 Nxh3+ 23. Kh1 Nf2+ 1/2-1/2

[Event "K41 Aabent Mesterskab 2009-10"]
[Site "Valby"]
[Date "2009.11.17"]
[Round "2"]
[White "Porte, Henrik"]
[Black "Abildgaard, Kenneth"]
[Result "1-0"]
[WhiteElo "2136"]
[BlackElo "1843"]
[PlyCount "43"]
[EventDate "2009.??.??"]

1. d4 c6 2. c4 b5 3. cxb5 cxb5 4. e3 Bb7 5. Nf3 a6 6. Bd3 d5 7. O-O e6 8. Nbd2
Nf6 9. Nb3 Nfd7 10. Bd2 Nc6 11. Rc1 Bb4 12. Bxb4 Nxb4 13. Bb1 O-O 14. a3 Nc6
15. Rxc6 Bxc6 16. Qc2 f5 17. Qxc6 Rf6 18. Ne5 Nb6 19. Nc5 Rc8 20. Qb7 Nc4 21.
Nxe6 Qe8 22. Qxg7# 1-0

[Event "K41 Aabent Mesterskab 2009-10"]
[Site "Valby"]
[Date "2009.11.17"]
[Round "2"]
[White "Rasmussen, Morten(1956)"]
[Black "Wadtland, Flemming"]
[Result "1-0"]
[WhiteElo "1599"]
[BlackElo "1170"]
[PlyCount "95"]
[EventDate "2009.??.??"]

1. d4 Nf6 2. c4 Nc6 3. Nf3 d6 4. Nc3 g6 5. e4 Bg7 6. h3 O-O 7. Bg5 e5 8. d5 Ne7
9. Qd2 Bd7 10. Be2 Qc8 11. g4 Re8 12. Nh2 Kh8 13. Bh6 Nfg8 14. Bxg7+ Kxg7 15.
h4 f6 16. O-O-O a6 17. f4 Rd8 18. f5 b5 19. Rdg1 c6 20. g5 Nxf5 21. exf5 Bxf5
22. Bg4 b4 23. Na4 Rb8 24. Bxf5 Qxf5 25. dxc6 Rbc8 26. Qxb4 Qf4+ 27. Qd2 Qxd2+
28. Kxd2 Rxc6 29. gxf6+ Nxf6 30. Rc1 Rdc8 31. b3 Ne4+ 32. Ke3 d5 33. Ng4 Ng3
34. Rh3 d4+ 35. Kf3 Rf8+ 36. Kxg3 e4 37. Rd1 Rd6 38. Nc5 Rf3+ 39. Kg2 Rf4 40.
Nf2 e3 41. Nfd3 Rf8 42. Rf3 Rdf6 43. Rxf6 Rxf6 44. Rf1 Rxf1 45. Kxf1 Kf6 46.
Nxa6 h6 47. Nc7 Kf5 48. a4 1-0

[Event "K41 Aabent Mesterskab 2009-10"]
[Site "Valby"]
[Date "2009.11.17"]
[Round "2"]
[White "Skjoldager, Mikael"]
[Black "Jorgensen, Kasper Moller"]
[Result "0-1"]
[WhiteElo "1753"]
[BlackElo "2013"]
[PlyCount "64"]
[EventDate "2009.??.??"]

1. e4 c5 2. Nf3 Nc6 3. d4 cxd4 4. Nxd4 Nf6 5. Nc3 d6 6. Bg5 e6 7. Qd2 Be7 8.
O-O-O O-O 9. f4 Nxd4 10. Qxd4 Qa5 11. Bc4 Bd7 12. h4 e5 13. fxe5 dxe5 14. Qe3
Bg4 15. Rdf1 Rac8 16. Bb3 Rxc3 17. Qxc3 Qxc3 18. bxc3 Ba3+ 19. Kb1 Nxe4 20. Re1
Nxc3+ 21. Ka1 Ne2 22. h5 Bb4 23. h6 Bxe1 24. Rxe1 Re8 25. Bc4 Nd4 26. Kb2 Nc6
27. Re3 Be6 28. Bb5 f6 29. Bh4 g5 30. Bf2 Bd5 31. g3 a6 32. Bd3 Na5 0-1

[Event "K41 Aabent Mesterskab 2009-10"]
[Site "Valby"]
[Date "2009.11.17"]
[Round "2"]
[White "Tandrup, Michael"]
[Black "Laursen, Niels Norskov"]
[Result "1/2-1/2"]
[WhiteElo "1934"]
[BlackElo "2172"]
[PlyCount "113"]
[EventDate "2009.??.??"]

1. d4 Nf6 2. Nf3 g6 3. e3 Bg7 4. b3 O-O 5. Bb2 d6 6. Be2 c5 7. O-O b6 8. c4 e6
9. Nbd2 Bb7 10. Qc2 Nbd7 11. Ne1 Rc8 12. Bf3 Qc7 13. Bxb7 Qxb7 14. Qd1 cxd4 15.
exd4 Rfe8 16. Qf3 Qa6 17. Ne4 Nxe4 18. Qxe4 Nf6 19. Qd3 Red8 20. Nf3 d5 21.
Rfc1 Ne8 22. Qf1 dxc4 23. Rxc4 Rxc4 24. Qxc4 Qxc4 25. bxc4 Nd6 26. Rc1 Nf5 27.
Rd1 Nxd4 28. Nxd4 e5 29. Kf1 exd4 30. Ke1 Rc8 31. Bxd4 Rxc4 32. Bxg7 Kxg7 33.
Rd2 Ra4 34. Kd1 Kf6 35. Kc1 h5 36. Kb2 g5 37. Kb3 Ra5 38. h3 Kf5 39. Rd7 f6 40.
Rd6 Ke5 41. Rd7 h4 42. Re7+ Kd6 43. Re2 Rd5 44. Kc4 Re5 45. Rd2+ Kc6 46. Kb3
Re4 47. Kc3 b5 48. Kb3 a5 49. Kc3 Re1 50. Rc2 Kd5 51. Rd2+ Kc5 52. Rc2 Kb6 53.
Rd2 Re6 54. Kb3 Rc6 55. Rd5 Re6 56. Rf5 Rd6 57. f4 1/2-1/2

[Event "K41 Aabent Mesterskab 2009-10"]
[Site "Valby"]
[Date "2009.12.01"]
[Round "3"]
[White "Abildgaard, Kenneth"]
[Black "Rasmussen, Morten(1956)"]
[Result "1-0"]
[WhiteElo "1843"]
[BlackElo "1599"]
[PlyCount "47"]
[EventDate "2009.??.??"]

1. c4 e5 2. Nc3 Nc6 3. g3 f5 4. d3 Nf6 5. Bg2 g6 6. f4 Bg7 7. Nf3 d6 8. O-O O-O
9. Rb1 exf4 10. Bxf4 Re8 11. b4 Ng4 12. Nd5 Nd4 13. Bg5 Qd7 14. Nxd4 Bxd4+ 15.
Kh1 Kg7 16. h3 Ne3 17. Bxe3 Bxe3 18. Rf3 Bg5 19. h4 Bh6 20. e4 fxe4 21. dxe4
Re6 22. Qd4+ Re5 23. Rbf1 Rb8 24. Qxa7 1-0

[Event "K41 Aabent Mesterskab 2009-10"]
[Site "Valby"]
[Date "2009.12.01"]
[Round "3"]
[White "Christensen, Aage Niels"]
[Black "Mouritsen, Jan"]
[Result "1-0"]
[WhiteElo "1391"]
[BlackElo "1705"]
[PlyCount "40"]
[EventDate "2009.??.??"]

1. f4 d5 2. Nf3 Nf6 3. e3 g6 4. b3 Bg7 5. Bb2 O-O 6. Be2 c5 7. O-O Nc6 8. Qe1
d4 9. exd4 Nxd4 10. Nxd4 cxd4 11. Bf3 Nd5 12. Bxd5 Qxd5 13. d3 e5 14. Nd2 Bf5
15. fxe5 Bxe5 16. Nf3 Rfe8 17. Qh4 Rac8 18. Ng5 Rxc2 19. Qxh7+ Kf8 20. Ba3+ Rc5
1-0

[Event "K41 Aabent Mesterskab 2009-10"]
[Site "Valby"]
[Date "2009.12.01"]
[Round "3"]
[White "Egholm, Leif"]
[Black "Moller, Arne Vagn"]
[Result "1/2-1/2"]
[WhiteElo "1621"]
[BlackElo "1790"]
[PlyCount "91"]
[EventDate "2009.??.??"]

1. e4 c5 2. Nf3 d6 3. d4 cxd4 4. Nxd4 Nf6 5. Bd3 a6 6. O-O e6 7. h3 Be7 8. b3
O-O 9. Bb2 e5 10. Ne2 Nc6 11. a3 b5 12. Nd2 Rb8 13. Kh1 Bb7 14. f4 exf4 15.
Nxf4 Ne5 16. Qe2 Qd7 17. Nf3 Ng6 18. Nh2 Rbe8 19. Nxg6 hxg6 20. Rae1 Nh5 21.
Qf2 Bg5 22. g4 d5 23. Qd4 Bf6 24. e5 Ng3+ 25. Kg2 Nxf1 26. Kxf1 Bh4 27. Re3 f6
28. e6 Rxe6 29. Bxg6 Rxe3 30. Qxe3 Bg5 31. Qd3 Qc6 32. Qd4 Qd6 33. Kg2 Bh4 34.
Nf1 Qe6 35. Ng3 Bxg3 36. Kxg3 Qe1+ 37. Kg2 Qe2+ 38. Kg1 Qe1+ 39. Kg2 Qe6 40. g5
Bc8 41. Qh4 Qe2+ 42. Kg1 Qe3+ 43. Kh2 Qe2+ 44. Kg1 Qd1+ 45. Kg2 Qd2+ 46. Kh1
1/2-1/2

[Event "K41 Aabent Mesterskab 2009-10"]
[Site "Valby"]
[Date "2009.12.01"]
[Round "3"]
[White "Gjelstrup, Ole"]
[Black "Nielsen, Soren Skovso"]
[Result "0-1"]
[WhiteElo "1438"]
[BlackElo "1454"]
[PlyCount "37"]
[EventDate "2009.??.??"]

1. e4 c5 2. Nf3 d6 3. b4 Qb6 4. bxc5 dxc5 5. Nc3 a6 6. Bc4 e6 7. d3 Nc6 8. Rb1
Qc7 9. O-O Nf6 10. Qe2 Bd6 11. h3 O-O 12. Re1 Nd4 13. Qd1 Nxf3+ 14. Qxf3 Be5
15. Ne2 b5 16. Bb3 c4 17. dxc4 bxc4 18. Ba4 Qa5 19. Bc6 0-1

[Event "K41 Aabent Mesterskab 2009-10"]
[Site "Valby"]
[Date "2009.12.01"]
[Round "3"]
[White "Glibstrup, Jakob"]
[Black "Gjedde, Thomas"]
[Result "0-1"]
[WhiteElo "1954"]
[BlackElo "2057"]
[PlyCount "104"]
[EventDate "2009.??.??"]

1. e4 e5 2. Nf3 Nc6 3. Bb5 a6 4. Ba4 Nf6 5. O-O Be7 6. Re1 b5 7. Bb3 d6 8. c3
O-O 9. h3 Na5 10. Bc2 c5 11. d4 Qc7 12. Nbd2 cxd4 13. cxd4 Nc6 14. Nb3 Bd7 15.
Be3 Nb4 16. Bb1 Rac8 17. Qd2 Nc6 18. Rc1 Qb8 19. Bd3 exd4 20. Nfxd4 Ne5 21. Nf5
Bxf5 22. exf5 Qa8 23. Bf4 Qd5 24. Be2 Nc4 25. Bxc4 bxc4 26. Nd4 Ne4 27. Qd1 Bf6
28. Be3 Nc5 29. b3 cxb3 30. axb3 Bxd4 31. Bxd4 Nxb3 32. f6 Rxc1 33. Rxc1 Nxd4
34. Qg4 Ne6 35. Re1 Qg5 36. fxg7 Qxg7 37. Qa4 d5 38. Qxa6 d4 39. Re4 Kh8 40.
Re1 Nf4 41. g3 Nxh3+ 42. Kg2 Nf4+ 43. Kf3 Ne6 44. Qd6 Qf6+ 45. Kg2 Rd8 46. Qb4
Ng5 47. f4 Qc6+ 48. Kf2 Qf3+ 49. Kg1 Qxg3+ 50. Kf1 Qxf4+ 51. Kg2 Rg8 52. Kh1
Nf3 0-1

[Event "K41 Aabent Mesterskab 2009-10"]
[Site "Valby"]
[Date "2009.12.01"]
[Round "3"]
[White "Hestehauge, Klaus"]
[Black "Jorgensen, Orla Eilegaard"]
[Result "1-0"]
[WhiteElo "1925"]
[BlackElo "1643"]
[PlyCount "147"]
[EventDate "2009.??.??"]

1. d4 d5 2. Nf3 e6 3. Bf4 Nf6 4. e3 Bd6 5. Bg3 Bxg3 6. hxg3 c5 7. c3 c4 8. Nbd2
b5 9. Qc2 Nbd7 10. e4 dxe4 11. Nxe4 Qc7 12. Be2 Bb7 13. Nfd2 Nxe4 14. Nxe4 h6
15. Bf3 Bd5 16. Kf1 a5 17. Re1 b4 18. Nd2 Bxf3 19. gxf3 Nf6 20. Qa4+ Nd7 21.
cxb4 c3 22. Rc1 O-O 23. Rxc3 Qd8 24. bxa5 Rxa5 25. Qb3 Qa8 26. a3 Rb8 27. Qc2
Nf6 28. Kg2 Nd5 29. Rc5 Ra4 30. Rc1 Nb6 31. Nc4 Nd5 32. Ne3 Nb6 33. Qc3 Rd8 34.
Rc6 Qa7 35. Qc5 Ra6 36. Rc7 Qb8 37. Qe7 Rf8 38. Qb4 Ra4 39. Qc5 Rd8 40. Rc6 Nd7
41. Qc3 Nb6 42. Qb3 Ra6 43. Qb5 Qa7 44. Nc4 Rd5 45. Qb3 Nxc4 46. Rxa6 Qxa6 47.
Qxc4 Qb6 48. b4 Rxd4 49. Qc5 Qd8 50. Qc8 Kf8 51. Qxd8+ Rxd8 52. Rc7 Ke8 53. a4
Rd4 54. Rb7 Kd8 55. Rxf7 Rxb4 56. Rxg7 Rxa4 57. Rg6 Ke7 58. Rxh6 Kf7 59. Rh4
Ra5 60. Rb4 Rd5 61. f4 Kf6 62. g4 Kg6 63. f3 Kf6 64. Rb6 Rd2+ 65. Kg3 Rd1 66.
f5 Kg5 67. f4+ Kf6 68. Rxe6+ Kf7 69. Kh4 Kg7 70. Kg5 Rd5 71. Re7+ Kh8 72. Kg6
Rd8 73. f6 Rd6 74. Re8# 1-0

[Event "K41 Aabent Mesterskab 2009-10"]
[Site "Valby"]
[Date "2009.12.01"]
[Round "3"]
[White "Jorgensen, Kasper Moller"]
[Black "Porte, Henrik"]
[Result "1-0"]
[WhiteElo "2013"]
[BlackElo "2136"]
[PlyCount "67"]
[EventDate "2009.??.??"]

1. e4 c6 2. d4 d5 3. Nd2 dxe4 4. Nxe4 Bf5 5. Ng3 Bg6 6. Bc4 e6 7. N1e2 Bd6 8.
h4 h6 9. Nf4 Bh7 10. Ngh5 Bxf4 11. Bxf4 Kf8 12. c3 Nf6 13. Nxf6 Qxf6 14. Be5
Qg6 15. Qb3 b5 16. O-O Nd7 17. Be2 Nxe5 18. dxe5 Qe4 19. Bf3 Qxe5 20. Bxc6 Rd8
21. Rad1 Ke7 22. Qa3+ Kf6 23. Qxa7 g5 24. Qe3 gxh4 25. Rxd8 Rxd8 26. Qxh6+ Bg6
27. Qxh4+ Qg5 28. Qxg5+ Kxg5 29. Bxb5 Rd2 30. f4+ Kh4 31. Rf2 Rd1+ 32. Kh2 Be4
33. Be2 Rb1 34. g3# 1-0

[Event "K41 Aabent Mesterskab 2009-10"]
[Site "Valby"]
[Date "2009.12.01"]
[Round "3"]
[White "Karup, Jesper"]
[Black "Kristensen, Steffen Michael"]
[Result "1-0"]
[WhiteElo "1706"]
[BlackElo "1390"]
[PlyCount "115"]
[EventDate "2009.??.??"]

1. e4 d5 2. exd5 Qxd5 3. Nc3 Qa5 4. d4 Bf5 5. Bd2 e6 6. Bc4 c6 7. Nf3 Nd7 8.
O-O Qc7 9. Nh4 Bg6 10. f4 Be7 11. Nf3 Ngf6 12. Ne5 O-O-O 13. Be3 Nb6 14. Bd3
Bd6 15. Ne2 Nfd5 16. Bc1 Bxe5 17. fxe5 f5 18. Bd2 Bh5 19. c4 Ne7 20. Be3 g5 21.
b4 f4 22. Bf2 f3 23. gxf3 Bxf3 24. Qc2 Bxe2 25. Qxe2 g4 26. a4 Nbd5 27. cxd5
Nxd5 28. Qd2 Rdf8 29. Be3 Rf3 30. Rxf3 gxf3 31. Kf2 Qf7 32. Rg1 Qh5 33. Ke1
Nxe3 34. Qxe3 Qxh2 35. Rf1 Qh4+ 36. Qf2 Qf4 37. Kd1 Rd8 38. Rg1 h5 39. Qa2 Qf7
40. Qc4 f2 41. Rg6 Qf3+ 42. Kc2 Qf7 43. Rxe6 Kb8 44. Rd6 Qf8 45. Rf6 f1=Q 46.
Rxf1 Qg7 47. Rf7 Qg2+ 48. Kc3 Qg5 49. Rf1 a6 50. Qf7 Qe3 51. Qf4 Qh3 52. e6+
Ka7 53. Qc7 Qh4 54. Qe5 Rd5 55. Qe4 Qg5 56. Qf4 Qg7 57. Qf6 Qg3 58. e7 1-0

[Event "K41 Aabent Mesterskab 2009-10"]
[Site "Valby"]
[Date "2009.12.01"]
[Round "3"]
[White "Laursen, Niels Norskov"]
[Black "Christensen, Esben"]
[Result "1-0"]
[WhiteElo "2172"]
[BlackElo "1963"]
[PlyCount "55"]
[EventDate "2009.??.??"]

1. e4 c5 2. Nf3 e6 3. d4 cxd4 4. Nxd4 Nf6 5. Nc3 d6 6. Be3 a6 7. Qd2 Qc7 8. f3
b5 9. g4 Bb7 10. g5 Nfd7 11. h4 b4 12. Nce2 d5 13. exd5 Bxd5 14. Bh3 Nc6 15.
Nf4 Nxd4 16. Bxd4 Bxf3 17. Rf1 Qc6 18. Rxf3 Qxf3 19. Bg2 Qg4 20. Bxa8 e5 21.
Bc6 exd4 22. Qxd4 Be7 23. Qxg7 Qxh4+ 24. Ke2 Rf8 25. Qd4 Qg4+ 26. Kd3 Kd8 27.
Re1 Bxg5 28. Ne6+ 1-0

[Event "K41 Aabent Mesterskab 2009-10"]
[Site "Valby"]
[Date "2009.12.01"]
[Round "3"]
[White "Lofberg, Jan"]
[Black "Nissen, Kaspar"]
[Result "1/2-1/2"]
[WhiteElo "1801"]
[BlackElo "1418"]
[PlyCount "33"]
[EventDate "2009.??.??"]

1. e4 c5 2. d4 cxd4 3. c3 dxc3 4. Bc4 e6 5. Nxc3 Bb4 6. Nf3 Nc6 7. O-O a6 8.
Bf4 Nge7 9. a3 Bxc3 10. bxc3 b5 11. Ba2 Bb7 12. Qe2 O-O 13. Bd6 Qb6 14. c4 Nd4
15. Nxd4 Qxd6 16. Rfd1 Qe5 17. Nf3 1/2-1/2

[Event "K41 Aabent Mesterskab 2009-10"]
[Site "Valby"]
[Date "2009.12.01"]
[Round "3"]
[White "Mikkelsen, Leif"]
[Black "Hojland, Ulrik"]
[Result "0-1"]
[WhiteElo "1700"]
[BlackElo "1122"]
[PlyCount "76"]
[EventDate "2009.??.??"]

1. d4 Nf6 2. e3 g6 3. Bd3 Bg7 4. f4 d6 5. Nf3 Bg4 6. Nbd2 O-O 7. h3 Bd7 8. O-O
c5 9. dxc5 dxc5 10. Ne5 Nd5 11. Qf3 Bc6 12. Nxc6 Nxc6 13. Be4 e6 14. a3 Rc8 15.
Kh1 b5 16. c4 bxc4 17. Nxc4 Nce7 18. Rd1 Qc7 19. Bd2 Rb8 20. Ba5 Qd7 21. Bd3
Nc6 22. Be1 Qc7 23. Bg3 Rfe8 24. e4 Nd4 25. Qf2 Nb6 26. e5 Nxc4 27. Bxc4 Qb6
28. Rab1 a5 29. b4 axb4 30. axb4 Bf8 31. bxc5 Qxb1 32. Rxb1 Rxb1+ 33. Kh2 Bxc5
34. Qa2 Reb8 35. Bh4 R1b2 36. Qa6 Nf3+ 37. Kg3 Nxh4 38. Kxh4 Rxg2 0-1

[Event "K41 Aabent Mesterskab 2009-10"]
[Site "Valby"]
[Date "2009.12.01"]
[Round "3"]
[White "Mollmann, Erik"]
[Black "Krogh, Soren"]
[Result "0-1"]
[WhiteElo "1517"]
[BlackElo "1183"]
[PlyCount "96"]
[EventDate "2009.??.??"]

1. d4 e6 2. Bf4 f5 3. e3 Nf6 4. Be2 d5 5. Nf3 Bd6 6. Ne5 O-O 7. Bg5 Bd7 8. f4
Qe8 9. O-O a5 10. c4 c6 11. c5 Bxe5 12. fxe5 Ne4 13. Bh4 a4 14. Nc3 a3 15. Nxe4
fxe4 16. b3 Na6 17. Qd2 Nc7 18. Qb4 Nb5 19. Rxf8+ Qxf8 20. Rf1 Qe8 21. Qe1 Qg6
22. Bxb5 cxb5 23. Be7 Bc6 24. Rf4 h6 25. h3 Kh7 26. Qf2 Be8 27. Kh2 Ra6 28. Bf8
Qh5 29. Rg4 Bg6 30. Be7 Bf5 31. Rxg7+ Kxg7 32. g4 Bxg4 33. Bh4 Bf5 34. Bf6+ Kh7
35. Qg2 Qg6 36. Qf1 Qh5 37. Qg2 Qg6 38. Qf1 b4 39. Qb5 Qf7 40. Qxb4 Ra8 41. Qb5
Rg8 42. c6 bxc6 43. Qxc6 Qh5 44. Qd7+ Kg6 45. h4 Qe2+ 46. Kh1 Bh3 47. h5+ Kxh5
48. Qf7+ Rg6 0-1

[Event "K41 Aabent Mesterskab 2009-10"]
[Site "Valby"]
[Date "2009.12.01"]
[Round "3"]
[White "Nielsen, Leonard de Freitas"]
[Black "Jorgensen, Rasmus"]
[Result "1-0"]
[WhiteElo "1930"]
[BlackElo "1928"]
[PlyCount "57"]
[EventDate "2009.??.??"]

1. e4 g6 2. d4 Bg7 3. Nc3 d6 4. Be3 a6 5. Qd2 Nd7 6. h4 h5 7. Nh3 b5 8. Ng5 Bb7
9. O-O-O Rc8 10. f4 c5 11. f5 gxf5 12. exf5 Qa5 13. Kb1 b4 14. Nce4 c4 15. a3
c3 16. axb4 cxd2 17. bxa5 f6 18. Nxd6+ exd6 19. Ne6 Bh6 20. Bxh6 Nxh6 21. Bd3
Ng4 22. Rxd2 Kf7 23. Re1 Rhe8 24. Rde2 Nf8 25. Nf4 Rxe2 26. Rxe2 Nd7 27. b3 d5
28. Re6 Nf2 29. Be2 1-0

[Event "K41 Aabent Mesterskab 2009-10"]
[Site "Valby"]
[Date "2009.12.01"]
[Round "3"]
[White "Nielsen, Michael"]
[Black "Greger, Roland Reinhard"]
[Result "0-1"]
[WhiteElo "2053"]
[BlackElo "2370"]
[PlyCount "92"]
[EventDate "2009.??.??"]

1. d4 Nf6 2. Bg5 e6 3. e4 h6 4. Bxf6 Qxf6 5. Qd2 c5 6. e5 Qd8 7. Ne2 Nc6 8. f4
d5 9. c3 Bd7 10. Qe3 Qb6 11. Nd2 cxd4 12. Nxd4 Nxd4 13. cxd4 Rc8 14. Bd3 Qxb2
15. O-O Bb4 16. Nf3 Rc3 17. f5 exf5 18. e6 Bxe6 19. a3 Rxa3 20. Rab1 Qc3 21.
Rfc1 Qxd3 22. Rc8+ Ke7 23. Qxd3 Rxd3 24. Rxh8 a5 25. Rb8 g5 26. Rxb7+ Kf6 27.
h3 f4 28. Ne5 Rg3 29. Rd1 h5 30. Kh2 Re3 31. Rf1 Be1 32. Rb1 Bg3+ 33. Kg1 Re4
34. Rb3 Kg7 35. Rd3 f6 36. Nf3 g4 37. hxg4 hxg4 38. Nd2 Re3 39. Rb3 Bf5 40.
Rb7+ Kg6 41. Rd1 Re2 42. Nf1 Bf2+ 43. Kh2 Re8 44. g3 f3 45. Kh1 Rh8+ 46. Nh2
Bxg3 0-1

[Event "K41 Aabent Mesterskab 2009-10"]
[Site "Valby"]
[Date "2009.12.01"]
[Round "3"]
[White "Olsen, Kim"]
[Black "Skjoldager, Mikael"]
[Result "0-1"]
[WhiteElo "1524"]
[BlackElo "1753"]
[PlyCount "49"]
[EventDate "2009.??.??"]

1. c4 e5 2. Nc3 Nf6 3. Nf3 Nc6 4. d3 d5 5. cxd5 Nxd5 6. a3 Be7 7. g3 O-O 8. Bg2
Be6 9. O-O a5 10. Bd2 Nb6 11. Ne4 a4 12. Qc1 Nd7 13. Be3 Na5 14. Qc3 Nb3 15.
Rad1 f6 16. d4 exd4 17. Nxd4 Nxd4 18. Rxd4 f5 19. Nd2 Bf6 20. Bxb7 c5 21. Rxd7
Qxd7 22. Qxc5 Qxb7 23. Bd4 Bxd4 24. Qxd4 Qd5 25. Nf3 0-1

[Event "K41 Aabent Mesterskab 2009-10"]
[Site "Valby"]
[Date "2009.12.01"]
[Round "3"]
[White "Petersen, Steen Brustrup"]
[Black "Ottosen, Peder"]
[Result "1-0"]
[WhiteElo "2130"]
[BlackElo "2033"]
[PlyCount "81"]
[EventDate "2009.??.??"]

1. e4 c5 2. Nf3 e6 3. d3 Nc6 4. g3 g6 5. d4 cxd4 6. Nxd4 a6 7. Be3 Bg7 8. Bg2
Nge7 9. c4 O-O 10. Nc3 Ne5 11. b3 b5 12. f4 b4 13. Na4 N5c6 14. O-O Bb7 15. Rc1
Rc8 16. Nc2 d6 17. Bb6 Qe8 18. Qxd6 Rb8 19. Qd3 a5 20. Rcd1 f5 21. e5 Nxe5 22.
fxe5 Bxg2 23. Kxg2 Qc6+ 24. Qf3 Rxb6 25. Nxb6 Qxb6 26. Rd6 Qc5 27. Rxe6 Kf7 28.
Rd6 Bxe5 29. Rd7 Ke6 30. Rfd1 f4 31. Rd8 Rf6 32. Nd4+ Kf7 33. g4 Bc7 34. Rd7
Ke8 35. Nb5 Be5 36. Qa8+ Kf7 37. Qd5+ Qxd5+ 38. cxd5 Ke8 39. Rxe7+ Kxe7 40. Re1
Rb6 41. Rxe5+ 1-0

[Event "K41 Aabent Mesterskab 2009-10"]
[Site "Valby"]
[Date "2009.12.01"]
[Round "3"]
[White "Truelsen, Ole Illum"]
[Black "Meldal, Peter"]
[Result "1-0"]
[WhiteElo "1715"]
[BlackElo "1380"]
[PlyCount "113"]
[EventDate "2009.??.??"]

1. c4 Nf6 2. Nc3 e5 3. g3 Bb4 4. Bg2 O-O 5. e3 d6 6. Nge2 Nc6 7. O-O Be6 8. Nd5
Bc5 9. d4 exd4 10. exd4 Bb4 11. Nxf6+ Qxf6 12. d5 Bd7 13. dxc6 Bxc6 14. Bxc6
bxc6 15. Rb1 Rfe8 16. Nd4 c5 17. Nc6 a5 18. a3 Ra6 19. axb4 Rxc6 20. Re1 Rxe1+
21. Qxe1 Kf8 22. bxa5 Ra6 23. b4 Qf5 24. Bd2 cxb4 25. Rxb4 Ra8 26. Qb1 Qxb1+
27. Rxb1 Ke8 28. Bc3 f6 29. Kg2 Kd7 30. Kf3 Kc6 31. Ke4 Re8+ 32. Kd3 d5 33. Re1
dxc4+ 34. Kxc4 Rd8 35. Re7 Rg8 36. Bd4 Kd6 37. Bc5+ Kc6 38. a6 h6 39. a7 Kb7
40. Kb5 g6 41. Bb6 Rc8 42. Rxc7+ Rxc7 43. Bxc7 Kxa7 44. Kc6 h5 45. Bd8 f5 46.
Bg5 Ka6 47. Kd6 Kb5 48. Ke6 Kc4 49. Kf6 Kd4 50. f3 Kd3 51. Kxg6 Ke2 52. f4 Kf3
53. Kxf5 Kg2 54. Ke4 Kxh2 55. Bh4 Kh3 56. f5 Kg4 57. f6 1-0

[Event "K41 Aabent Mesterskab 2009-10"]
[Site "Valby"]
[Date "2009.12.01"]
[Round "3"]
[White "Wadtland, Flemming"]
[Black "Eiholt, Bjarne"]
[Result "1-0"]
[WhiteElo "1170"]
[BlackElo "1360"]
[PlyCount "93"]
[EventDate "2009.??.??"]

1. c4 e5 2. Nc3 Nf6 3. g3 d5 4. cxd5 Nxd5 5. Bg2 Nb6 6. d3 Nc6 7. Nf3 Be7 8.
O-O O-O 9. a3 Be6 10. Be3 f5 11. Qc1 h6 12. b4 Bf6 13. Ne1 Nd5 14. Nxd5 Bxd5
15. Bc5 Rf7 16. e4 Be6 17. exf5 Bxf5 18. Be4 Bxe4 19. dxe4 Nd4 20. Qc4 b6 21.
Bxd4 exd4 22. Nd3 Qf8 23. f4 Kh8 24. e5 Be7 25. Qxd4 Rd8 26. Qc4 a5 27. e6 Rf5
28. Ne5 Kh7 29. g4 Rf6 30. Nd7 Qe8 31. Nxf6+ Bxf6 32. Rad1 axb4 33. Qe4+ Kh8
34. axb4 Be7 35. Rxd8 Qxd8 36. Ra1 c6 37. Rc1 Qd2 38. Rxc6 Qd1+ 39. Kf2 Bh4+
40. Ke3 Qg1+ 41. Kd3 Qb1+ 42. Kd4 Qxb4+ 43. Kd3 Qb1+ 44. Rc2 Qb3+ 45. Ke2 Qb5+
46. Qd3 Qe8 47. Qd7 1-0

[Event "K41 Aabent Mesterskab 2009-10"]
[Site "Valby"]
[Date "2009.12.01"]
[Round "3"]
[White "Weber, John"]
[Black "Tandrup, Michael"]
[Result "1/2-1/2"]
[WhiteElo "1776"]
[BlackElo "1934"]
[PlyCount "40"]
[EventDate "2009.??.??"]

1. f4 e5 2. fxe5 d6 3. exd6 Bxd6 4. Nf3 Nf6 5. g3 Nc6 6. d4 Bg4 7. Bg2 Qe7 8.
c3 O-O-O 9. e3 h5 10. Qd3 h4 11. Nxh4 Rxh4 12. gxh4 Nh5 13. Kd2 Qxh4 14. Kc2
Bxh2 15. Bd2 Qg3 16. Bxc6 bxc6 17. Na3 Qg2 18. Qf1 Qe4+ 19. Qd3 Qg2 20. Qf1
Qe4+ 1/2-1/2

[Event "K41 Aabent Mesterskab 2009-10"]
[Site "Valby"]
[Date "2010.01.05"]
[Round "4"]
[White "Abildgaard, Kenneth"]
[Black "Nielsen, Michael"]
[Result "0-1"]
[WhiteElo "1843"]
[BlackElo "2053"]
[PlyCount "64"]
[EventDate "2009.??.??"]

1. e4 c5 2. c4 Nc6 3. Nc3 d6 4. b3 e5 5. Bd3 Nge7 6. Nd5 Nxd5 7. exd5 Nd4 8.
Bb2 Qg5 9. Be4 f5 10. h4 Qh6 11. Bf3 Be7 12. d3 O-O 13. g3 Qf6 14. Bxd4 cxd4
15. Qd2 e4 16. dxe4 fxe4 17. Bxe4 Qe5 18. f3 Qxg3+ 19. Qf2 Qe5 20. Qh2 Rf4 21.
Ne2 Rxe4 22. fxe4 Qxe4 23. O-O-O Bf5 24. Nxd4 Qb1+ 25. Kd2 Qd3+ 26. Ke1 Bxh4+
27. Qxh4 Re8+ 28. Ne6 Qe3+ 29. Kf1 Qf3+ 30. Ke1 Bxe6 31. Qxh7+ Kf8 32. Rf1 Bf5+
0-1

[Event "K41 Aabent Mesterskab 2009-10"]
[Site "Valby"]
[Date "2010.01.05"]
[Round "4"]
[White "Christensen, Aage Niels"]
[Black "Hestehauge, Klaus"]
[Result "0-1"]
[WhiteElo "1391"]
[BlackElo "1925"]
[PlyCount "102"]
[EventDate "2009.??.??"]

1. f4 d5 2. Nf3 Nf6 3. e3 e6 4. Be2 Be7 5. O-O O-O 6. d3 c5 7. c4 Nc6 8. Nc3 d4
9. exd4 Nxd4 10. Nxd4 Qxd4+ 11. Kh1 a6 12. Qd2 Bd7 13. Qe3 Bc6 14. Qxd4 cxd4
15. Nd1 Rfd8 16. Nf2 b5 17. b3 Rab8 18. Ng4 Nxg4 19. Bxg4 bxc4 20. bxc4 Rb6 21.
Bf3 Bxf3 22. Rxf3 Rdb8 23. Kg1 Rb1 24. Rxb1 Rxb1 25. Rf1 g6 26. f5 gxf5 27. Bf4
Rxf1+ 28. Kxf1 f6 29. Ke2 e5 30. Bg3 Kf7 31. Bf2 Ke6 32. Kf3 Bc5 33. Be1 Kd7
34. Bd2 Bf8 35. g4 fxg4+ 36. Kxg4 Ke6 37. Ba5 f5+ 38. Kf3 Bc5 39. Bd2 Be7 40.
Be1 Ba3 41. Bd2 Bb2 42. Bb4 Bc3 43. Ba3 a5 44. Bc1 a4 45. Ba3 Bd2 46. Bb2 Bb4
47. Bc1 Kd6 48. Bh6 Kc6 49. Bg7 Bd6 50. Bh6 Kc5 51. Bg7 Kb4 0-1

[Event "K41 Aabent Mesterskab 2009-10"]
[Site "Valby"]
[Date "2010.01.05"]
[Round "4"]
[White "Christensen, Esben"]
[Black "Weber, John"]
[Result "1-0"]
[WhiteElo "1963"]
[BlackElo "1776"]
[PlyCount "85"]
[EventDate "2009.??.??"]

1. e4 e6 2. Nf3 d5 3. Nc3 Bb4 4. e5 Nc6 5. a3 Ba5 6. b4 Bb6 7. Na4 Bd7 8. Nxb6
axb6 9. Bb2 Nge7 10. Be2 Ng6 11. g3 Qe7 12. h4 Na7 13. O-O c5 14. d4 c4 15. Nh2
Ba4 16. f4 O-O-O 17. f5 exf5 18. Rxf5 Nc6 19. Bg4 Kb8 20. Qd2 Rhf8 21. Raf1 Nh8
22. Bc1 Qc7 23. c3 Ne7 24. R5f2 Bd7 25. Qg5 Bxg4 26. Nxg4 h6 27. Qe3 Qc8 28.
Qf3 Qe6 29. Kh2 h5 30. Ne3 g6 31. a4 Ng8 32. Ng2 f5 33. Bg5 Rd7 34. Nf4 Qe8 35.
Nxd5 Nf7 36. Nxb6 Rc7 37. Bf4 Qe6 38. a5 Ngh6 39. Re2 Ng4+ 40. Kg1 Re8 41. d5
Nfxe5 42. dxe6 Nxf3+ 43. Rxf3 1-0

[Event "K41 Aabent Mesterskab 2009-10"]
[Site "Valby"]
[Date "2010.01.05"]
[Round "4"]
[White "Gjedde, Thomas"]
[Black "Petersen, Steen Brustrup"]
[Result "1/2-1/2"]
[WhiteElo "2057"]
[BlackElo "2130"]
[PlyCount "30"]
[EventDate "2009.??.??"]

1. d4 Nf6 2. c4 e6 3. Nf3 b6 4. g3 Bb7 5. Bg2 Be7 6. Nc3 Ne4 7. Qc2 Nxc3 8.
Qxc3 O-O 9. O-O d6 10. b3 c5 11. Bb2 Bf6 12. Qd2 Qc8 13. Rfd1 Rd8 14. Rac1 Nd7
15. Ne1 Bxg2 1/2-1/2